[Event "DMP - II liga seniorow "]
[Site "Mrzezyno"]
[Date "2011.09.07"]
[Round "5"]
[White "Kielbratowski, Aleksander"]
[Black "Krzywon, Leszek"]
[Result "1-0"]
[WhiteElo "2089"]
[BlackElo "1847"]
[PlyCount "71"]
[EventDate "2011.??.??"]

1. e4 c5 2. g3 g6 3. Bg2 Bg7 4. f4 e6 5. Nc3 Nc6 6. Nf3 Nge7 7. O-O O-O 8. d3
d6 9. Ne2 Rb8 10. c3 d5 11. Qc2 b6 12. g4 f5 13. h3 Bb7 14. Ng3 Qd7 15. Nh2 d4
16. c4 Nb4 17. Qd1 Rbe8 18. a3 Nbc6 19. b4 Ra8 20. Rb1 Qc7 21. gxf5 exf5 22. e5
cxb4 23. axb4 Nd8 24. Nf3 Ne6 25. h4 Rfd8 26. Qe1 Rab8 27. Ne2 Bh6 28. h5 Bxf3
29. Rxf3 Kf7 30. Qh4 Bg7 31. Rh3 Rh8 32. h6 Bxe5 33. fxe5 Qxe5 34. Qf2 g5 35.
Bb2 Rbd8 36. Re1 1-0

[Event "DMP - II liga seniorow "]
[Site "Mrzezyno"]
[Date "2011.09.07"]
[Round "5"]
[White "Szylko, Waldemar"]
[Black "Lusio, Daniel"]
[Result "1/2-1/2"]
[WhiteElo "2060"]
[BlackElo "1830"]
[PlyCount "131"]
[EventDate "2011.??.??"]

1. e4 c5 2. Nc3 d6 3. g3 Nc6 4. d3 g6 5. Be3 Bg7 6. Qd2 Nf6 7. Bh6 Bxh6 8. Qxh6
Nd4 9. Qd2 b5 10. Bg2 Bb7 11. Nge2 Nxe2 12. Nxe2 O-O 13. O-O Kg7 14. f4 Qb6 15.
h3 Rac8 16. Kh2 e6 17. g4 Qc7 18. Ng3 c4 19. g5 Nd7 20. Rac1 c3 21. bxc3 Qxc3
22. Qf2 a6 23. h4 f5 24. exf5 Bxg2 25. f6+ Kf7 26. Qxg2 d5 27. Rf2 Rfe8 28. Re2
Qd4 29. Rf1 Rc6 30. Qh3 Rg8 31. h5 Nf8 32. f5 e5 33. Rfe1 Qf4 34. Qg2 e4 35.
dxe4 Qxg5 36. exd5 Qh4+ 37. Qh3 Qxh3+ 38. Kxh3 Rc3 39. Re7+ Kxf6 40. fxg6 hxg6
41. d6 gxh5 42. Rf1+ Kg5 43. Re5+ Kg6 44. Kh4 Rc4+ 45. Ne4 Kg7 46. Re7+ Kh6 47.
Kh3 Ng6 48. Re6 Rg7 49. Rff6 Rd4 50. Ng3 Kh7 51. Ne4 Kh6 52. Kg2 h4 53. Kh3 Rd1
54. Nf2 Rd4 55. Nd3 Kg5 56. Rf1 Rxd3+ 57. cxd3 Nf4+ 58. Rxf4 Kxf4 59. Re4+ Kf5
60. a4 Rg3+ 61. Kxh4 Rxd3 62. Rb4 bxa4 63. Rb6 a5 64. Ra6 Ke6 65. Rxa5 Rd4+ 66.
Kg3 1/2-1/2

[Event "DMP - II liga seniorow "]
[Site "Mrzezyno"]
[Date "2011.??.??"]
[Round "5.55"]
[White "Flis, Jacek"]
[Black "Fudalej, Michal"]
[Result "1-0"]
[WhiteElo "2302"]
[BlackElo "2253"]
[PlyCount "103"]
[EventDate "2011.??.??"]

1. e4 c6 2. d4 d5 3. Nd2 dxe4 4. Nxe4 Nd7 5. Nf3 Ngf6 6. Nxf6+ Nxf6 7. Ne5 Bf5
8. Bc4 e6 9. g4 Bg6 10. h4 Bd6 11. Qe2 c5 12. h5 Be4 13. f3 cxd4 14. Nxf7 Bg3+
15. Kf1 Kxf7 16. fxe4 Qc7 17. Kg2 Rac8 18. Bb3 h6 19. Qf3 Be5 20. Bd2 Qc6 21.
Rae1 Ke8 22. g5 hxg5 23. Bxg5 Kd7 24. Bxf6 gxf6 25. Kf2 Rcg8 26. Reg1 Qd6 27.
Ke2 d3+ 28. Qxd3 Qxd3+ 29. Kxd3 Bxb2 30. Rxg8 Rxg8 31. h6 Rg3+ 32. Ke2 f5 33.
h7 Bh8 34. exf5 exf5 35. Rh5 f4 36. Rh4 Rg7 37. Kf3 Ke7 38. Kxf4 Rg2 39. Kf3
Rg7 40. Bd5 Kd6 41. Be4 b6 42. Bd3 Rf7+ 43. Ke4 Re7+ 44. Kf5 Rf7+ 45. Kg6 Rf6+
46. Kh5 Rf2 47. Rc4 Rh2+ 48. Kg4 Be5 49. Rc8 Rg2+ 50. Kf3 Rh2 51. Rd8+ Kc5 52.
Ke4 1-0

[Event "DMP - II liga seniorow "]
[Site "Mrzezyno"]
[Date "2011.??.??"]
[Round "5.58"]
[White "Fudalej, Grzegorz"]
[Black "Piesik, Piotr"]
[Result "1-0"]
[WhiteElo "2147"]
[BlackElo "2206"]
[PlyCount "147"]
[EventDate "2011.??.??"]

1. Nf3 Nf6 2. g3 d5 3. Bg2 e6 4. d3 c5 5. O-O Nc6 6. Nbd2 Be7 7. e4 dxe4 8.
dxe4 e5 9. c3 Be6 10. Qe2 Nd7 11. Rd1 Qc7 12. Nc4 Nb6 13. Ne3 Rd8 14. Rxd8+
Qxd8 15. b3 O-O 16. Ba3 Qc7 17. Rd1 Rd8 18. Nf5 f6 19. Nxe7+ Qxe7 20. Rxd8+
Nxd8 21. Qb5 Nd7 22. Qa5 b6 23. Qxa7 Qd6 24. Bf1 Qd1 25. Nh4 Nf7 26. Qa8+ Nf8
27. Nf5 g6 28. Ne3 Qe1 29. h4 Qxc3 30. Qc6 Qa5 31. Nc4 Qe1 32. Qxb6 Qxe4 33.
Ne3 Qb1 34. Bxc5 Nd7 35. Qxe6 Nxc5 36. Qxf6 Ne4 37. Qc6 Nd2 38. Qc2 Nf3+ 39.
Kh1 Qa1 40. Qd1 Qxd1 41. Nxd1 Nd6 42. Nc3 Kf7 43. Bg2 Nd4 44. Kg1 h6 45. Kf1
Ke6 46. Bd5+ Kd7 47. Ne4 N6f5 48. Bf7 Ne7 49. Nf6+ Kd6 50. Ng8 Nxg8 51. Bxg8
Kc5 52. Bf7 g5 53. hxg5 hxg5 54. Kg2 Nc2 55. Kf3 Kd4 56. Kg4 Nb4 57. a4 Nd3 58.
f3 e4 59. fxe4 Ne5+ 60. Kxg5 Nxf7+ 61. Kf6 Nd6 62. g4 Nxe4+ 63. Kf5 Nd6+ 64.
Ke6 Ne4 65. a5 Kc5 66. Ke5 Nf2 67. g5 Kb5 68. b4 Nd3+ 69. Kd6 Nf4 70. Ke7 Nd5+
71. Kf7 Nxb4 72. g6 Nc6 73. g7 Ne5+ 74. Ke6 1-0

[Event "DMP - II liga seniorow "]
[Site "Mrzezyno"]
[Date "2011.??.??"]
[Round "5.59"]
[White "Paszewski, Mateusz"]
[Black "Rzepka, Krzysztof"]
[Result "0-1"]
[WhiteElo "1919"]
[BlackElo "2179"]
[PlyCount "130"]
[EventDate "2011.??.??"]

1. c4 g6 2. g3 Bg7 3. Bg2 Nf6 4. Nc3 d6 5. Nf3 O-O 6. O-O Nc6 7. Rb1 e5 8. d3
Ne7 9. b4 c6 10. b5 h6 11. a4 c5 12. Qb3 Be6 13. e4 Nh5 14. Ne1 Qd7 15. Nc2 f5
16. f3 f4 17. g4 Nf6 18. Kf2 Nh7 19. Bd2 Bf6 20. Ke2 h5 21. h3 Bh4 22. Be1 Bxe1
23. Rbxe1 hxg4 24. hxg4 Kg7 25. Rh1 Ng5 26. Rh4 Rh8 27. Reh1 Rxh4 28. Rxh4 Rh8
29. Rxh8 Kxh8 30. Qb1 Bxg4 31. Qh1+ Bh3 32. Nd1 Kg7 33. Nf2 Bxg2 34. Qxg2 Nh7
35. Qh2 Nf6 36. Ne1 Qc8 37. Ng2 Qh8 38. Qxh8+ Kxh8 39. Nh3 Nh7 40. a5 Kg7 41.
Kf1 Kf6 42. Ke2 Nf8 43. Ne1 Ne6 44. Nc2 Ng8 45. Kf2 Nh6 46. Kg2 g5 47. Nf2 Kg6
48. Kh2 Ng8 49. Kh3 Nf6 50. Kg2 Nh5 51. Nh1 Nf6 52. Nf2 Kh5 53. Kh3 Nd7 54. Nd1
Nd4 55. Ne1 Nf6 56. Nf2 a6 57. bxa6 bxa6 58. Kg2 Nb3 59. Kh3 Nxa5 60. Nc2 Nb3
61. Na3 Nd4 62. Kg2 Kg6 63. Nb1 Kf7 64. Nc3 Ke7 65. Ncd1 Kd7 0-1

[Event "DMP - II liga seniorow "]
[Site "Mrzezyno"]
[Date "2011.??.??"]
[Round "5.81"]
[White "Kubien, Jerzy"]
[Black "Pazderski, Ziemowit"]
[Result "0-1"]
[WhiteElo "2237"]
[BlackElo "2231"]
[PlyCount "138"]
[EventDate "2011.??.??"]

1. Nf3 b5 2. e4 Bb7 3. e5 a6 4. d4 e6 5. a4 b4 6. Be3 d6 7. Nbd2 Ne7 8. Bd3 Nd5
9. Qe2 Nd7 10. Nc4 Nxe3 11. Qxe3 Bxf3 12. Qxf3 d5 13. Ne3 c5 14. c3 bxc3 15.
bxc3 Qa5 16. O-O Be7 17. Nxd5 exd5 18. Qxd5 Rd8 19. e6 fxe6 20. Qxe6 Qb6 21.
Qe2 Qf6 22. Rfe1 cxd4 23. cxd4 a5 24. Bb5 O-O 25. Qxe7 Qxf2+ 26. Kh1 Nf6 27.
Rad1 Nd5 28. Qe6+ Kh8 29. Rf1 Qa2 30. Rde1 h6 31. h3 Qd2 32. Rxf8+ Rxf8 33. Qe4
Rd8 34. Rf1 Nc3 35. Qe7 Qxd4 36. Be8 Kh7 37. Qe6 Qe4 38. Re1 Qxe6 39. Rxe6 Kg8
40. Re5 Rd5 41. Re3 Rc5 42. Bg6 Rc8 43. Bc2 Rc5 44. Bb3+ Kh7 45. Kh2 Kg6 46.
Re6+ Kf5 47. Ra6 Ne4 48. Bd1 Nc3 49. Bg4+ Ke5 50. Bd7 Kd4 51. Rg6 Rg5 52. Rxg5
hxg5 53. Kg3 Ne4+ 54. Kf3 Nf6 55. Bb5 Kd5 56. Ke3 Kc5 57. Be2 Nd5+ 58. Kf3 Nc3
59. Bd3 Nxa4 60. Bc2 Kb4 61. Kg4 Nc5 62. Kxg5 Kc3 63. Bd1 Kd2 64. Bf3 a4 65.
Bd5 Kc3 66. Kg6 Nb3 67. Kxg7 a3 68. h4 a2 69. h5 a1=Q 0-1

[Event "DMP - II liga seniorow "]
[Site "Mrzezyno"]
[Date "2011.??.??"]
[Round "5.94"]
[White "Walczak, Konrad"]
[Black "Kielek, Andrzej"]
[Result "0-1"]
[WhiteElo "1758"]
[BlackElo "2006"]
[PlyCount "119"]
[EventDate "2011.??.??"]

1. c4 Nf6 2. Nc3 d5 3. cxd5 Nxd5 4. g3 g6 5. Bg2 Nf6 6. Qb3 c6 7. Nh3 Bg7 8.
O-O O-O 9. d3 Qc7 10. Ng5 h6 11. Nge4 Nbd7 12. f3 Kh7 13. Be3 Nb6 14. a3 Nfd5
15. Bf2 e5 16. Rac1 Nxc3 17. bxc3 Be6 18. c4 Nd7 19. Nc5 Nxc5 20. Bxc5 Rfd8 21.
Qb4 b6 22. Be3 c5 23. Qb3 Rab8 24. Qc2 h5 25. f4 Bh6 26. h3 h4 27. Qd2 exf4 28.
Bxf4 Bxf4 29. Rxf4 hxg3 30. Rh4+ Kg8 31. Qh6 Qe5 32. Rf1 Qg7 33. Qxg7+ Kxg7 34.
Rf3 Rh8 35. Rxh8 Rxh8 36. Rxg3 Kf6 37. Re3 Rh4 38. Kf2 g5 39. Kg3 Ke7 40. Rf3
Rd4 41. Bf1 Rh4 42. e4 Kd6 43. Kf2 Ke5 44. Ke3 Rh8 45. Rg3 f6 46. Rf3 Rh4 47.
Rg3 Rh7 48. Rf3 a6 49. Kd2 b5 50. cxb5 axb5 51. Kc3 Ra7 52. Kb2 b4 53. axb4
cxb4 54. Kb1 Ra3 55. Kb2 Ra2+ 56. Kb1 Rh2 57. Kc1 b3 58. d4+ Kxd4 59. Rxf6 Ke5
60. Rf8 0-1

[Event "DMP - II liga seniorow "]
[Site "Mrzezyno"]
[Date "2011.??.??"]
[Round "5.96"]
[White "Sygulska, Anna"]
[Black "Dziopa, Malgorzata"]
[Result "1-0"]
[WhiteElo "1885"]
[BlackElo "1816"]
[PlyCount "141"]
[EventDate "2011.??.??"]

1. c4 Nf6 2. Nc3 d5 3. cxd5 Nxd5 4. g3 e5 5. Bg2 Be6 6. Qb3 Nb6 7. Qb5+ Nc6 8.
Bxc6+ bxc6 9. Qxe5 Qd6 10. Nf3 f6 11. Qe4 Be7 12. Nd4 Bd5 13. Nxd5 Qxd5 14.
Qxd5 cxd5 15. Ne6 Kf7 16. Nxc7 Rac8 17. Nb5 a6 18. Nd4 Rc4 19. Nf5 Rhc8 20. O-O
Bf8 21. b3 Re4 22. e3 Nd7 23. Bb2 Ne5 24. f3 Rb4 25. Ba3 Rb6 26. Bxf8 Kxf8 27.
Nd4 Nd3 28. Rfd1 Rbb8 29. Kf1 Nb4 30. Ke2 Kf7 31. a3 Nc2 32. Nxc2 Rxc2 33. Rdb1
Ke6 34. Kd3 Rc5 35. b4 Rcb5 36. Rc1 Kd6 37. Rc3 a5 38. bxa5 Rxa5 39. Kc2 Ra4
40. Rb3 Rc8+ 41. Kb2 Rc7 42. Rc1 Rca7 43. Rb6+ Kd7 44. Rc3 R4a5 45. Rcb3 Kc7
46. R6b5 Rxb5 47. Rxb5 Kc6 48. Rb4 Kc5 49. Kb3 h6 50. a4 g5 51. Rb5+ Kc6 52.
Kb4 f5 53. a5 Ra6 54. Rc5+ Kd6 55. Rc2 Ra8 56. Kb5 Rb8+ 57. Ka6 Rb4 58. h3 h5
59. Ka7 g4 60. fxg4 fxg4 61. h4 d4 62. exd4 Rxd4 63. Rc8 Ra4 64. a6 Kd7 65. Rc5
Ra3 66. Kb6 Rb3+ 67. Rb5 Ra3 68. a7 Kc8 69. Rc5+ Kd7 70. Ra5 Rb3+ 71. Ka6 1-0